000 01732nam0a2200409 4500
001 RU\NLR\bibl\573845
005 20250610133630.0
010 _a5-901459-27-X
_bв пер.
_9500
021 _aRU
_b2004-25863
_91304
035 _aRSL-KNO-002428772
035 _a(NLR Aleph) 000565894
090 _a1561772
_c1561772
100 _a20040506d2004 |||y0rusy50 ca
101 0 _arus
102 _aRU
105 _ay |||||||||
106 _ar
200 1 _aНалоговая политика России
_fС.В. Барулин, А.В. Макрушин, В.А. Тимошенко
210 _aСаратов
_c[Сателлит]
_d2004
_eТип. изд-ва
215 _a167 с.
_cил.
_d21
320 _aБиблиогр.: с. 152-155 (99 назв.) и в подстроч. прим.
606 0 _aНалоговая политика
_yРоссийская Федерация
_92078751
_3RU\NLR\auth\661254615
610 0 _aЭкономика -- Российская Федерация -- Финансы -- Государственные доходы -- Налоговые платежи -- Налоговая политика
686 _aУ9(2)261.413-18,0
_2rubbk
686 _aУ26(2)141.3-18
700 1 _4070
_aБарулин
_bС. В.
_cд-р экон. наук
_gСергей Владимирович
_9141064
_3RU\NLR\AUTH\770141100
701 1 _aМакрушин
_bА. В.
_gАлександр Владимирович
_4070
701 1 _aТимошенко
_bВ. А.
_4070
801 0 _aRU
_bRuMoRKP
_c20040506
_gPSBO
801 1 _aRU
_bRuMoRGB
_c20040506
801 2 _aRU
_bNLR
_c20041115
_gPSBO
830 _aАвт. по эк
942 _cBOOK
980 _aNB
980 _aNBR